2014 FIFA World Cup Host Cities and Stadiums - Statistics

General Stats
  • This quiz has been taken 84 times
  • The average score is 14 of 24
Answer Stats
Picture Hint Answer % Correct
Brazil Rio de Janeiro
100%
Brazil Brasília
98%
Brazil São Paulo
94%
Brazil Belo Horizonte
92%
Brazil Manaus
90%
Brazil Recife
90%
Brazil Salvador
86%
Brazil Porto Alegre
78%
7 games | Capacity: 74.738 Estádio Jornalista Mario Filho - Maracanã
76%
Brazil Fortaleza
73%
Brazil Curitiba
67%
Brazil Natal
63%
Brazil Cuiabá
53%
6 games | Capacity: 63.321 Arena de São Paulo
35%
6 games | Capacity: 58.259 Estádio Governador Magalhães Pinto - Mineirão
35%
7 games | Capacity: 69.432 Estádio Nacional de Brasília Mané Garrincha
35%
4 games | Capacity: 40.549 Arena da Amazônia
33%
6 games | Capacity: 51.708 Arena Fonte Nova
33%
4 games | Capacity: 41.112 Arena Pantanal
29%
6 games | Capacity: 60.348 Estádio Governador Plácido Castelo - Castelão
29%
4 games | Capacity: 39.971 Arena das Dunas
27%
4 games | Capacity: 39.631 Estádio Mario Celso Petraglia - Baixada
27%
5 games | Capacity: 42.583 Arena de Pernambuco
24%
5 games | Capacity: 43.394 Estádio José Pinheiro Borda - Beira-Rio
24%
No matching quizzes found
Score Distribution
Percent of People with Each Score
Percentile by Number Answered
Your Score History
You have not taken this quiz